<?xml version="1.0" encoding="UTF-8"?>
<record
    xmlns:xsi="http://www.w3.org/2001/XMLSchema-instance"
    xsi:schemaLocation="http://www.loc.gov/MARC21/slim http://www.loc.gov/standards/marcxml/schema/MARC21slim.xsd"
    xmlns="http://www.loc.gov/MARC21/slim">

  <leader>00718nam a22001217a 4500</leader>
  <datafield tag="040" ind1=" " ind2=" ">
    <subfield code="c">RUA</subfield>
  </datafield>
  <datafield tag="082" ind1=" " ind2=" ">
    <subfield code="a">LMA LEA 2024 B701 Or.1 </subfield>
  </datafield>
  <datafield tag="100" ind1=" " ind2=" ">
    <subfield code="a">LEAK MET, &#x179B;&#x17B6;&#x1780;&#x17CB; &#x1798;&#x17C9;&#x17C1;&#x178F;</subfield>
  </datafield>
  <datafield tag="245" ind1=" " ind2=" ">
    <subfield code="a">Study On The Systematic Process Of Land Registration In Prey Phkam Village, Prey Phkam Commune,Angkor Borey District, Takeo Province, &#x179F;&#x17B7;&#x1780;&#x17D2;&#x179F;&#x17B6;&#x17A2;&#x17C6;&#x1796;&#x17B8;&#x178A;&#x17C6;&#x178E;&#x17BE;&#x179A;&#x1780;&#x17B6;&#x179A;&#x1785;&#x17BB;&#x17C7;&#x1794;&#x1789;&#x17D2;&#x1785;&#x17B8;&#x178A;&#x17B8;&#x1792;&#x17D2;&#x179B;&#x17B8;&#x1798;&#x17B6;&#x1793;&#x179B;&#x1780;&#x17D2;&#x1781;&#x178E;&#x17C8;&#x1787;&#x17B6;&#x1794;&#x17D2;&#x179A;&#x1796;&#x17D0;&#x1793;&#x17D2;&#x1792;&#x1793;&#x17C5;&#x1797;&#x17BC;&#x1798;&#x17B7;&#x1796;&#x17D2;&#x179A;&#x17C3;&#x1795;&#x17D2;&#x1782;&#x17B6;&#x17C6; &#x1783;&#x17BB;&#x17C6;&#x1796;&#x17D2;&#x179A;&#x17C3;&#x1795;&#x17D2;&#x1782;&#x17B6;&#x17C6; &#x179F;&#x17D2;&#x179A;&#x17BB;&#x1780;&#x17A2;&#x1784;&#x17D2;&#x1782;&#x179A;&#x1794;&#x17BC;&#x179A;&#x17B8; &#x1781;&#x17C1;&#x178F;&#x17D2;&#x178F;&#x178F;&#x17B6;&#x1780;&#x17C2;&#x179C;</subfield>
  </datafield>
  <datafield tag="260" ind1=" " ind2=" ">
    <subfield code="a">PHNOM PENH</subfield>
    <subfield code="b">RUA</subfield>
    <subfield code="c">2024</subfield>
  </datafield>
  <datafield tag="300" ind1=" " ind2=" ">
    <subfield code="a">xi,</subfield>
    <subfield code="b">ill,</subfield>
    <subfield code="c">29cm,</subfield>
  </datafield>
  <datafield tag="942" ind1=" " ind2=" ">
    <subfield code="c">LMA</subfield>
  </datafield>
  <datafield tag="999" ind1=" " ind2=" ">
    <subfield code="c">25339</subfield>
    <subfield code="d">25339</subfield>
  </datafield>
  <datafield tag="952" ind1=" " ind2=" ">
    <subfield code="0">0</subfield>
    <subfield code="1">0</subfield>
    <subfield code="4">0</subfield>
    <subfield code="6">LMA_LEA_2024_000000000000000_B701_OR_1</subfield>
    <subfield code="7">0</subfield>
    <subfield code="9">105535</subfield>
    <subfield code="a">LBB</subfield>
    <subfield code="b">LBB</subfield>
    <subfield code="c">B701</subfield>
    <subfield code="d">2025-06-23</subfield>
    <subfield code="l">1</subfield>
    <subfield code="o">LMA LEA 2024 B701 Or.1</subfield>
    <subfield code="p">A084135</subfield>
    <subfield code="r">2025-08-13</subfield>
    <subfield code="s">2025-07-21</subfield>
    <subfield code="y">LMA</subfield>
  </datafield>
  <datafield tag="952" ind1=" " ind2=" ">
    <subfield code="0">0</subfield>
    <subfield code="1">0</subfield>
    <subfield code="4">0</subfield>
    <subfield code="6">LMA_LEA_2024_000000000000000_B701_OR_2</subfield>
    <subfield code="7">0</subfield>
    <subfield code="9">105536</subfield>
    <subfield code="a">LBB</subfield>
    <subfield code="b">LBB</subfield>
    <subfield code="c">B701</subfield>
    <subfield code="d">2025-06-23</subfield>
    <subfield code="l">1</subfield>
    <subfield code="o">LMA LEA 2024 B701 Or.2</subfield>
    <subfield code="p">A084123</subfield>
    <subfield code="r">2025-08-21</subfield>
    <subfield code="s">2025-08-04</subfield>
    <subfield code="y">LMA</subfield>
  </datafield>
</record>
